Влияние финансового кризиса на инвестиционный рынок России; Энергия молодых - экономике России; Ч. 1
| Parent link: | Энергия молодых - экономике России: труды X Международной научно-практической конференции студентов и молодых ученых, 13-16 апреля 2009 г. , г. Томск/ Томский политехнический университет (ТПУ); Вольное экономическое общество России (ВЭО России); Международный союз экономистов (МСЭ).— , 2009 Ч. 1.— 2009.— [С. 108-109] |
|---|---|
| Hovedforfatter: | |
| Andre forfattere: | |
| Summary: | Заглавие с титульного листа. Электронная версия печатной публикации. |
| Sprog: | russisk |
| Udgivet: |
2009
|
| Fag: | |
| Online adgang: | http://www.lib.tpu.ru/fulltext/c/2009/C23/V1/001.pdf |
| Format: | MixedMaterials Electronisk Book Chapter |
| KOHA link: | https://koha.lib.tpu.ru/cgi-bin/koha/opac-detail.pl?biblionumber=610412 |
MARC
| LEADER | 00000naa2a2200000 4500 | ||
|---|---|---|---|
| 001 | 610412 | ||
| 005 | 20260403091526.0 | ||
| 035 | |a (RuTPU)RU\TPU\conf\8018 | ||
| 090 | |a 610412 | ||
| 100 | |a 20150122d2009 k y0rusy50 ca | ||
| 101 | 0 | |a rus | |
| 102 | |a RU | ||
| 135 | |a drnn ---uucaa | ||
| 181 | 0 | |a i | |
| 182 | 0 | |a b | |
| 200 | 1 | |a Влияние финансового кризиса на инвестиционный рынок России |f Э. Р. Кашапова |g науч. рук. Ж. А. Ермушко | |
| 203 | |a Текст |c электронный | ||
| 215 | |a 1 файл (246 Кб) | ||
| 300 | |a Заглавие с титульного листа. | ||
| 300 | |a Электронная версия печатной публикации. | ||
| 320 | |a [Библиогр.: с. 109 (5 назв.)] | ||
| 337 | |a Adobe Reader | ||
| 461 | 1 | |0 (RuTPU)RU\TPU\conf\8003 |t Энергия молодых - экономике России |o труды X Международной научно-практической конференции студентов и молодых ученых, 13-16 апреля 2009 г. , г. Томск |o в 4 ч. |f Томский политехнический университет (ТПУ); Вольное экономическое общество России (ВЭО России); Международный союз экономистов (МСЭ) |d 2009 | |
| 463 | 1 | |0 (RuTPU)RU\TPU\conf\8004 |t Ч. 1 |v [С. 108-109] |d 2009 | |
| 610 | 1 | |a электронный ресурс | |
| 610 | 1 | |a труды учёных ТПУ | |
| 610 | 1 | |a финансовый кризис | |
| 610 | 1 | |a инвестиционный рынок | |
| 610 | 1 | |a Россия | |
| 700 | 1 | |a Кашапова |b Э. Р. |c экономист |c cтарший преподаватель Томского политехнического университета |f 1988- |g Эльмира Рамисовна |3 (RuTPU)RU\TPU\pers\28094 |9 13053 | |
| 702 | 1 | |a Ермушко |b Ж. А. |c экономист |c доцент Томского политехнического университета, кандидат экономических наук |f 1965- |g Жанна Александровна |4 727 | |
| 801 | 1 | |a RU |b 63413507 |c 20150122 | |
| 801 | 2 | |a RU |b 63413507 |c 20160124 |g RCR | |
| 856 | 4 | |u http://www.lib.tpu.ru/fulltext/c/2009/C23/V1/001.pdf | |
| 942 | |c BK | ||